00633nam a2200169Ia 4500082001200000100002700012245010900039260004500148300000800193504004100201650003600242650004200278650004000320650004600360650003400406710002300440 aTK.0390 aKenchaigol, Sanjeev D. 0aEmpowerment of women: a strategy for sustaining gender equality and welfare: a case study from Karnataka c2008bUniversity of Mangalore, Mangalore a202 aincludes appendices and bibliography aWomen in developmentvKarnataka aWomenvEconomic conditionszKarnataka aWomenvSocial conditionszKarnataka aWomenvLegal status, laws, etczKarnataka aSex discriminationzKarnataka aKadekodi, Gopal K.